000 00602nam a2200205 i 4500
001 65531
003 ES-MaACL
005 20250819170106.0
007 t|
008 040115s1983 sp |||| | spa d
100 1 _aFriedan, Betty (
_d1921-2006)
_952609
245 1 3 _aLa segunda fase /
_cBetty Friedan ; traducción de Jesús Pardo.
250 _a1ª ed.
260 _a[Barcelona] :
_bPlaza & Janés,
_c1983.
300 _a307 p. ;
_c21 cm.
650 0 7 _aFeminismo
_2embne
_912744
700 1 _aPardo, Jesús,
_d1927-2020
_9138804
852 _aES-MaACL
_jL-4975
999 _c65531
_d65531